000 00812nam a2200253Ia 4500
003 OSt
005 20220930062612.0
006 a|||||r|||| 00| 0
007 ta
008 220926b |||||||| |||| 00| 0 eng d
024 _a1321
037 _cTheses
040 _aCRL
_cCRL
_beng
041 _2eng
_aeng
100 _aPushpavathy K.K.
_9521497
110 _aUniversity of Delhi. Faculty of Science. Department of Botany
245 0 _aStudies on three rusts Puccinia butleri, Melampsora helioscopiae and Puccinia graminis agropyri
260 _c1968
650 _aBOTANY
700 _a Prof Hardev Singh Supervisor
_9521498
700 _aUniversity of Delhi. Faculty of Science. Department of Botany
942 _cDIS
_2CC
999 _c855734
_d855734